LEADER 01000nam0 2200253 450 001 000017565 005 20081014152542.0 010 $a0123786606 100 $a20081014d1978----km-y0itay50------ba 101 0 $aeng 102 $aGB 105 $aa-------101yy 200 1 $aNumerical software$eneeds and availability$fedited by D. Jacobs$eproceedings of the conference on applications of numerical software - needs and availability held at the University of Sussex, September 19.-22., 1977 210 $aLondon [etc.]$cAcademic Press$d1978 215 $aXVIII, 408 p.$cill.$d24 cm 610 1 $aAnalisi numerica$aCongressi 676 $a005$v21$9Programmazione, programmi, dati 702 1$aJacobs,$bDavid 710 12$aConference on applications of numerical software needs and availability$d<1977 ;$eSussex>$0632064 801 0$aIT$bUNIPARTHENOPE$c20081014$gRICA$2UNIMARC 912 $a000017565 951 $aM 005/2$bM 497$cDSA$d2008 996 $aNumerical software$91202132 997 $aUNIPARTHENOPE LEADER 00853cam0 2200241 450 001 E600200038549 005 20210322140604.0 100 $a20080709d1944 |||||ita|0103 ba 101 $aita 102 $aIT 200 1 $aGrammatica elementare della lingua tedesca$emorfologia - sintassi - conversazione - lettura - poesie - versioni - metrica$fArturo Pellis 210 $aNapoli$cLoffredo$d1944 215 $a387 p.$d22 cm 700 1$aPellis$b, Arturo$3A600200048936$4070$0291457 801 0$aIT$bUNISOB$c20210322$gRICA 850 $aUNISOB 852 $aUNISOB$j830$m3105 912 $aE600200038549 940 $aM 102 Monografia moderna SBN 941 $aM 957 $a830$b000340$gSi$d3105$racquisto$1beth$2UNISOB$3UNISOB$420080709100043.0$520210322140550.0$6bethb 996 $aGrammatica elementare della lingua tedesca$91203918 997 $aUNISOB LEADER 01063nam0 22002773i 450 001 UFI0218660 005 20231121125906.0 010 $a0123165504 100 $a20141021d1995 ||||0itac50 ba 101 | $aeng 102 $aus 181 1$6z01$ai $bxxxe 182 1$6z01$an 200 1 $aAnalytic element modeling of groundwater flow$fH. M. Haitjema 215 $aSan Diego \etc.!$cAcademic press, c1995. -XII, 394 p.$d24 cm$e1 floppy disk. 606 $aAcque sotterranee$xModelli matematici$2FIR$3RMLC400660$9I 676 $a551.49015118$9$v21 700 1$aHaitjema$b, Henk M.$3UFIV114372$4070$01448196 801 3$aIT$bIT-01$c20141021 850 $aIT-FR0099 899 $aBiblioteca Area Ingegneristica$bFR0099 912 $aUFI0218660 950 0$aBiblioteca Area Ingegneristica$d 54DMS 551.49 HAI$e 54VM 0000113385 VM barcode:ING391M. - Inventario:391m. - Fondo:CONVM$fA $h20011205$i20121204 977 $a 54 996 $aAnalytic element modeling of groundwater flow$93641607 997 $aUNICAS